Statistics for Who hosted SNL the most times?

Click here to take the quiz!

General Stats

  • This quiz has been taken 163 times
  • The average score is 4 of 10

Answer Stats

#host% Correct
17Alec Baldwin
86%
15Steve Martin
83%
9Tom Hanks
57%
13John Goodman
44%
8Chevy Chase
35%
7Christopher Walken
20%
6Drew Barrymore
16%
6Elliott Gould
11%
10Buck Henry
10%
6Danny DeVito
6%

Score Distribution

Percentile by Number Answered

Percent of People with Each Score

Your Score History

You have not taken this quiz